000 00484 a2200157 4500
999 _c2945
_d2945
020 _a9780195986525
050 _aHD 38.5 PIE 2009
100 _aPienaar, Wessel J.
245 _aBusiness logistics management :
_ba supply chain perspective /
_cWessel J. Pienaar and John J. Vogt
250 _a3rd ed.
264 _aNew York :
_bOxford,
_c2009
300 _aviii,472p. :
_bill.;
500 _aincludes index
650 _aLogistics management
942 _2lcc
_cBK
_e3rd ed.
_h38.5
_iPIE
_kHD